| 000 | 02552nam0a2200409 4500 | ||
|---|---|---|---|
| 001 | RU\NLR\BIBL_A\022330816 | ||
| 005 | 20260420014848.0 | ||
| 010 |
_a978-5-98620-714-8 _9100 |
||
| 021 |
_aRU _bКН-П-24-045389 _9КН-П-24-4518 |
||
| 035 | _a(NLR Aleph) 022330816 | ||
| 090 |
_a13665519 _c13665519 |
||
| 100 | _a20240924d2024 k y0rusy50 ca | ||
| 101 | 0 | _arus | |
| 102 | _aRU | ||
| 105 | _ay z 000 y | ||
| 181 | 0 |
_ai _baxxe |
|
| 182 | 0 | _an | |
| 200 | 1 |
_aНормативность в праве: понятие, интерпретации, взаимосвязь с другими правовыми свойствами _eколлективная монография _eк юбилею профессора М. В. Антонова _fАрхипов В. В., д-р юрид. наук, проф., Блохин П. Д., канд. юрид. наук, доц., Варламова Н. В., канд. юрид. наук, доц. [и др.] _gпод редакцией И. И. Осветимской, Е. Г. Самохиной _gЮридический факультет НИУ ВШЭ - Санкт-Петербург |
|
| 203 |
_aТекст _bвизуальный _cнепосредственный |
||
| 210 |
_aСанкт-Петербург _cСкифия-принт _d2024 |
||
| 215 |
_a411, [1] с. _cил. _d21 |
||
| 300 | _aАвт. указаны на обороте тит. с. | ||
| 320 | _aБиблиогр. в конце гл. и в подстроч. примеч. | ||
| 606 | 1 |
_aПравовые нормы _9900528 _3RU\NLR\AUTH\667225 |
|
| 686 | 1 | _aХ082.2,0 | |
| 686 | 1 | _aХ062.05 | |
| 701 | 1 |
_aАрхипов _bВ. В. _gВладислав Владимирович |
|
| 701 | 1 |
_aБлохин _bП. Д. _gПавел Дмитриевич |
|
| 701 | 1 |
_7ca _8rus _aВарламова _bН. В. _cканд. юрид. наук _gНаталия Владимировна _943347 _3RU\NLR\AUTH\7760416 |
|
| 702 | 1 |
_aОсветимская _bИ. И. _gИя Ильинична _4340 |
|
| 702 | 1 |
_4280 _7ca _8rus _aАнтонов _bМ. В. _cканд. юрид. наук _gМихаил Валерьевич _9131927 _3RU\NLR\AUTH\770131961 |
|
| 712 | 0 | 2 |
_4570 _a"Высшая школа экономики", национальный исследовательский университет _bСанкт-Петербургский филиал _bЮридический факультет _cМосква _9448152 _3RU\NLR\AUTH\880391215 |
| 942 | _cBOOK | ||
| 980 | _aNB | ||